• 首页
  • 本馆介绍
  • 公告通知
  • 最新文献
  • 馆藏检索
  • 电子资源
  • 读者导购
  • 参考咨询
  • 我的图书馆
  • 登录
  • 详细信息显示
  • 放入我的书架
  • 预约/预借图书
  • 作者相关作品
  • 分类相关作品
  • 丛书相关作品
  • 出版社相关作品

书目信息

  • 表格格式
  • 工作单格式
  • 卡片格式
题名:
编辑出版文集
    
 
作者: ;湛江师范学院 编
分册:  
出版信息: 北京   线装书局  2012
页数: 218页
开本: 24cm
丛书名: 大传播丛书
单 册:
中图分类: G232-53
科图分类:
主题词: 编辑工作--出版工作--文集
电子资源:
ISBN: 978-7-5120-0395-8
000 00935oam2 2200253 450
001 338110
005 20150601164835.45
010    @a978-7-5120-0395-8@dCNY34.00
100    @a20121121d2012 em y0chiy50 ea
101 0  @achi
102    @aCN@b110000
105    @ay z 000yy
106    @ar
200 1  @a编辑出版文集@Abian ji chu ban wen ji@f湛江师范学院学报编辑部编
210    @a北京@c线装书局@d2012
215    @a218页@d24cm
225 2  @a大传播丛书@h第一辑
330    @a本书所收录的文章中, 有编辑出版学的专论, 有编辑实务方面的经验总结, 有对于高校学报编辑出版的学术思考, 有相关的统计数据与科技分析, 有组稿、约稿、开栏、编校的甘苦与情缘, 也有一些书评、新闻美学、编辑美学评论以及编辑人物回忆。
410  0 @12001 @a大传播丛书
606 0  @a编辑工作@x出版工作@j文集
690    @aG232-53@v5
711 02 @a湛江师范学院@Azhan jiang shi fan xue yuan@b学报编辑部@4编
801  0 @aCN@b卓展宏图@c20150525
905    @dG232-53@e64@f4
    
    编辑出版文集/湛江师范学院学报编辑部编.-北京:线装书局,2012
    218页;24cm.-(大传播丛书.第一辑)
    
    
    ISBN 978-7-5120-0395-8:CNY34.00
    本书所收录的文章中, 有编辑出版学的专论, 有编辑实务方面的经验总结, 有对于高校学报编辑出版的学术思考, 有相关的统计数据与科技分析, 有组稿、约稿、开栏、编校的甘苦与情缘, 也有一些书评、新闻美学、编辑美学评论以及编辑人物回忆。
●
相关链接 在E读中查询图书 在五车中查询图书 在当当中查询图书 在豆瓣中查询图书


正题名:编辑出版文集     索取号:G232-53/64         预约/预借

序号 登录号 条形码 馆藏地/架位号 状态 备注
1 857395   208573952   第一样本阅览室/ [索取号:G232-53/64] 在馆    
2 857396   208573961   第四借阅区/ [索取号:G232-53/64] 在馆    
3 857397   208573970   第四借阅区/ [索取号:G232-53/64] 在馆    
4 857398   208573989   第四借阅区/ [索取号:G232-53/64] 在馆    
唐山师范学院图书馆 欢迎您!
大连网信软件有限公司© 版权所有